[Event "Russian Championship Superfinal"]
[Site "Moscow RUS"]
[Date "2020.12.10"]
[EventDate "2020.12.05"]
[Round "6"]
[Result "1/2-1/2"]
[White "Nikita Vitiugov"]
[Black "Vladimir Fedoseev"]
[WhiteElo "2720"]
[BlackElo "2674"]
[PlyCount "80"]

1. d4 Nf6 2. c4 e6 3. Nc3 Bb4 4. Nf3 b6 5. e3 Bb7 6. Bd3 O-O
7. O-O c5 8. Na4 cxd4 9. exd4 Re8 10. a3 Bf8 11. Nc3 h6
12. Bf4 Nc6 13. Re1 d6 14. h3 Rc8 15. d5 exd5 16. Rxe8 Qxe8
17. cxd5 Ne5 18. Be2 Ng6 19. Bg3 Ne4 20. Nxe4 Qxe4 21. Nd4 Ne5
22. Nb5 Qxd5 23. Bf1 a5 24. Qxd5 Bxd5 25. Nxd6 Bxd6 26. Rd1
Nf3+ 27. gxf3 Bxg3 28. Rxd5 Bh4 29. Bd3 Rd8 30. Rxd8+ Bxd8
31. a4 Bf6 32. b3 Be5 33. Bc4 Kf8 34. Kg2 h5 35. Kf1 Ke7
36. Kg2 Kf8 37. Kf1 Bf4 38. Kg2 Ke7 39. Kf1 Kf8 40. Kg2 Ke7
1/2-1/2

[Event "Russian Championship Superfinal"]
[Site "Moscow RUS"]
[Date "2020.12.13"]
[EventDate "2020.12.05"]
[Round "8"]
[Result "1/2-1/2"]
[White "Nikita Vitiugov"]
[Black "Andrey Esipenko"]
[WhiteElo "2720"]
[BlackElo "2686"]
[PlyCount "86"]

1. e4 e5 2. Nf3 Nf6 3. Nxe5 d6 4. Nf3 Nxe4 5. Bd3 d5 6. Qe2
Qe7 7. O-O Nd6 8. Qd1 Qd8 9. Re1+ Be7 10. c3 O-O 11. Bc2 c6
12. d4 Bf5 13. Bf4 Bxc2 14. Qxc2 Na6 15. Nbd2 Nc7 16. h4 g6
17. h5 Nf5 18. Ne5 Bd6 19. Ndf3 f6 20. hxg6 fxe5 21. gxh7+ Kg7
22. Rxe5 Ne6 23. Rxe6 Bxf4 24. g3 Qd7 25. Rae1 Bd6 26. g4 Ne7
27. Qd2 Kh8 28. Nh4 Rf7 29. Qg5 Rg7 30. Qf6 Kxh7 31. g5 Rd8
32. R1e3 Kg8 33. g6 Rf8 34. Rxd6 Qg4+ 35. Rg3 Qd1+ 36. Kg2
Rxf6 37. Rxf6 Qh5 38. Rd6 Kh8 39. Rh3 Qg4+ 40. Kh2 Qf4+
41. Kh1 Qg4 42. Rh2 Qd1+ 43. Kg2 Qg4+ 1/2-1/2

[Event "Russian Championship Superfinal"]
[Site "Moscow RUS"]
[Date "2020.12.14"]
[EventDate "2020.12.05"]
[Round "9"]
[Result "1/2-1/2"]
[White "Maksim Chigaev"]
[Black "Nikita Vitiugov"]
[WhiteElo "2619"]
[BlackElo "2720"]
[PlyCount "37"]

1. e4 c5 2. Nf3 d6 3. d4 cxd4 4. Nxd4 Nf6 5. Nc3 a6 6. Bg5 e6
7. f4 Qb6 8. Qd2 Qxb2 9. Rb1 Qa3 10. f5 Nc6 11. fxe6 Bxe6
12. Nxe6 fxe6 13. Rxb7 Be7 14. Rb3 Qc5 15. Be3 Qe5 16. Bf4 Qc5
17. Be3 Qe5 18. Bf4 Qc5 19. Be3 1/2-1/2